Aproximació a l'economia d'Osona / Xavier Segura i Porta, Maria Josefa Rosanas i Climent ; pròleg d'Ernest Lluch
Descripción Física:
XII, 318 p. : amb map. ; 24 cm
Colección:
Col·lecció Catalunya comarcal
Materias:
Osona -- Condicions econòmiques
MARC
| LEADER | 00000nam a2200000Ia 4500 | ||
|---|---|---|---|
| 001 | 2132 | ||
| 008 | 160829s1978 xx 000 0 cat d | ||
| 080 | |a M-2-16 | ||
| 100 | |a Segura i Porta, Xavier |9 35702 | ||
| 245 | |a Aproximació a l'economia d'Osona / Xavier Segura i Porta, Maria Josefa Rosanas i Climent ; pròleg d'Ernest Lluch | ||
| 260 | |a Barcelona : |b Caixa d'Estalvis de Catalunya, |c 1978 | ||
| 300 | |a XII, 318 p. : |b amb map. ; |c 24 cm | ||
| 490 | |a Col·lecció Catalunya comarcal | ||
| 650 | 0 | |a Osona |x Condicions econòmiques |9 35703 | |
| 700 | |a Rosanas i Climent, Maria Josefa |9 35704 | ||
| 700 | |a Lluch, Ernest, |d 1937-2000 |e pròleg |9 23386 | ||
| 901 | |a Arxiu | ||
| 942 | |n 1 |2 udc | ||
| 952 | |0 0 |1 0 |4 0 |6 M216 |7 1 |9 47034 |a Arxiu |b Arxiu |d 2016-12-01 |l 0 |o M-2-16 |p 2132 |r 2016-12-01 00:00:00 |w 2016-12-01 |y ARXIU | ||
| 999 | |c 50827 |d 50827 | ||